Algorithms : (Record no. 22164)
[ view plain ]
| 000 -LEADER | |
|---|---|
| fixed length control field | 02082cam a22003015a 4500 |
| 001 - CONTROL NUMBER | |
| control field | 19024409 |
| 005 - DATE AND TIME OF LATEST TRANSACTION | |
| control field | 20160811112008.0 |
| 008 - FIXED-LENGTH DATA ELEMENTS--GENERAL INFORMATION | |
| fixed length control field | 160321s2015 ii a frb 001 0 eng d |
| 010 ## - LIBRARY OF CONGRESS CONTROL NUMBER | |
| LC control number | 2016304653 |
| 020 ## - INTERNATIONAL STANDARD BOOK NUMBER | |
| International Standard Book Number | 9780199456666 |
| 020 ## - INTERNATIONAL STANDARD BOOK NUMBER | |
| International Standard Book Number | 0199456666 |
| 040 ## - CATALOGING SOURCE | |
| Original cataloging agency | DLC |
| Language of cataloging | eng |
| Transcribing agency | DLC |
| Modifying agency | EG-ScBUE |
| 042 ## - AUTHENTICATION CODE | |
| Authentication code | pcc |
| 082 04 - DEWEY DECIMAL CLASSIFICATION NUMBER | |
| Edition number | 22 |
| Classification number | 005.1 |
| Item number | BHA |
| 100 1# - MAIN ENTRY--PERSONAL NAME | |
| Personal name | Bhasin, Harsh. |
| 9 (RLIN) | 40730 |
| 245 10 - TITLE STATEMENT | |
| Title | Algorithms : |
| Remainder of title | design and analysis / |
| Statement of responsibility, etc | Harsh Bhasin. |
| 260 ## - PUBLICATION, DISTRIBUTION, ETC. (IMPRINT) | |
| Place of publication, distribution, etc | New Delhi : |
| Name of publisher, distributor, etc | Oxford University Press, |
| Date of publication, distribution, etc | 2015. |
| 300 ## - PHYSICAL DESCRIPTION | |
| Extent | 690 p. : |
| Other physical details | ill. ; |
| Dimensions | 25 cm. |
| 500 ## - GENERAL NOTE | |
| General note | Index : p.685-690. |
| 504 ## - BIBLIOGRAPHY, ETC. NOTE | |
| Bibliography, etc | Bibliography : p. 681-684. |
| 505 ## - FORMATTED CONTENTS NOTE | |
| Formatted contents note | CHAPTER 1 INTRODUCTION TO ALGORITHMS -- CHAPTER 2 GROWTH OF FUNCTIONS -- CHAPTER 3 RECURSION -- CHAPTER 4 ANALYSIS OF ALGORITHMS -- CHAPTER 5 BASIC DATA STRUCTURES -- CHAPTER 6 TREES -- CHAPTER 7 GRAPHS -- CHAPTER 8 SORTING IN LINEAR AND QUADRATIC TIME -- CHAPTER 9 DIVIDE AND CONQUER -- CHAPTER 10 GREEDY ALGORITHMS -- CHAPTER 11 DYNAMIC PROGRAMMING -- CHAPTER12 BACKTRACKING -- CHAPTER 13 BRANCH AND BOUND -- CHAPTER 14 RANDOMIZED ALGORITHMS -- CHAPTER 15 TRANSFORM AND CONQUER -- CHAPTER 16 DECREASE AND CONQUER -- CHAPTER 17 NUMBER THEORETIC ALGORITHMS -- CHAPTER 18 STRING MATCHING -- CHAPTER 19 COMPLEXITY CLASSES -- CHAPTER 20 AN INTRODUCTION TO PSPACE -- CHAPTER 21 APPROXIMATION ALGORITHMS -- CHAPTER 22 PARALLEL ALGORITHMS -- CHAPTER 23 AN INTRODUCTION TO MACHINE LEARNING APPROACHES ; CHAPTER 24 COMPUTATIONAL BIOLOGY AND BIOINFORMATICS. |
| 650 #7 - SUBJECT ADDED ENTRY--TOPICAL TERM | |
| Topical term or geographic name as entry element | Computer algorithms. |
| Source of heading or term | BUEsh |
| 9 (RLIN) | 10553 |
| 650 #7 - SUBJECT ADDED ENTRY--TOPICAL TERM | |
| Topical term or geographic name as entry element | Computer algorithms |
| General subdivision | Design. |
| Source of heading or term | BUEsh |
| 9 (RLIN) | 40731 |
| 651 ## - SUBJECT ADDED ENTRY--GEOGRAPHIC NAME | |
| Source of heading or term | BUEsh |
| 653 ## - INDEX TERM--UNCONTROLLED | |
| Resource For college | Engineering, General |
| Arrived date list | August 2016 |
| 856 ## - ELECTRONIC LOCATION AND ACCESS | |
| Uniform Resource Identifier | <a href="https://india.oup.com/orcs/9780199456666/">https://india.oup.com/orcs/9780199456666/</a> |
| Link text | Online resources for teachers and students |
| Public note | For faculty: chapter-wise PowerPoint slides, solution manual for select chapter-end problems, assignment questions with answers -- for students: additional MCQs for test generator with answers for each chapter, C language implementaion of algorithms, interview questions with answers. |
| 942 ## - ADDED ENTRY ELEMENTS (KOHA) | |
| Source of classification or shelving scheme | Dewey Decimal Classification |
| Edition | 22 |
| Call number prefix | 005.1 BHA |
| Withdrawn status | Item status | Source of classification or shelving scheme | Damaged status | Not for loan | Vendor | Home library | Current library | Shelving location | Date acquired | Source of acquisition | Cost, normal purchase price | Serial Enumeration / chronology | Total Checkouts | Total Renewals | Full call number | Barcode | Date last seen | Date last borrowed | Cost, replacement price | Koha item type |
|---|---|---|---|---|---|---|---|---|---|---|---|---|---|---|---|---|---|---|---|---|
| Dewey Decimal Classification | Baccah | Central Library | Central Library | Lower Floor | 11/08/2016 | Purchase | 285.00 | 25844 | 2 | 1 | 005.1 BHA | 000033208 | 15/07/2025 | 25/05/2024 | 356.25 | Book - Borrowing |